000 00693nam a2200193 a 4500
001 000047719
005 20201002060710.0
008 180716s2015 dr a 000 0 spa d
040 _aDO-SdBNP
_bspa
_cBNPHU
100 1 _aGonzález, Fredy Enrique
_975326
245 1 0 _aEpistemología de la práctica y narrativas docentes /
_cFredy Enrique González.
260 _aSanto Domingo, :
_bINTEC,
_c2015.
300 _a53 p. ; :
_bil. ;
_c29 cm.
490 1 _aFormación en acompañamiento pedagógico
500 _aIncluye referencias al final de los capitulos
504 _aBibliografía p: 52-53
590 _aInventariado, 2018/ YL
830 0 _aFormación en acompañamiento pedagógico
_975327
999 _c47207
_d47207